<?xml version="1.0" encoding="UTF-8"?>
<record
    xmlns:xsi="http://www.w3.org/2001/XMLSchema-instance"
    xsi:schemaLocation="http://www.loc.gov/MARC21/slim http://www.loc.gov/standards/marcxml/schema/MARC21slim.xsd"
    xmlns="http://www.loc.gov/MARC21/slim">

  <leader>02558nab a2200277uuc4500</leader>
  <controlfield tag="001">1324126</controlfield>
  <controlfield tag="005">20251111095601.0</controlfield>
  <controlfield tag="008">130417e20121205                    spa  </controlfield>
  <datafield tag="035" ind1=" " ind2=" ">
    <subfield code="a">1324126</subfield>
  </datafield>
  <datafield tag="040" ind1=" " ind2=" ">
    <subfield code="c">comduadb</subfield>
  </datafield>
  <datafield tag="041" ind1=" " ind2=" ">
    <subfield code="a">spa</subfield>
  </datafield>
  <datafield tag="100" ind1="1" ind2="0">
    <subfield code="a">Blanca Guti&#xE9;rrez, Joaqu&#xED;n Jes&#xFA;s</subfield>
    <subfield code="4">aut</subfield>
    <subfield code="e">aut</subfield>
    <subfield code="9">644840</subfield>
  </datafield>
  <datafield tag="245" ind1="1" ind2="0">
    <subfield code="a">Relaci&#xF3;n del cuidado que demandan las personas mayores en hogares para ancianos: metaestudio cualitativo</subfield>
  </datafield>
  <datafield tag="520" ind1="3" ind2=" ">
    <subfield code="a">Objetivo: describir que tipo de cuidados y de interacci&#xF3;n humana demandan de sus enfermeras las personas mayores que viven en un hogar para ancianos, a partir de la s&#xED;ntesis y el rean&#xE1;lisis de los datos proporcionados por una serie de estudios primarios que han abordado la experiencia de vivir en un hogar para ancianos. Antecedentes: los estudios de tipo cualitativo que han tratado el tema de las experiencias vitales en un hogar para ancianos se han centrado en aspectos como la vida diaria, la calidad de vida, las experiencias de sufrimiento, los cuidados recibidos, la proximidad de la muerte y las relaciones personales. Materiales y m&#xE9;todos: metaestudio cualitativo de tipo an&#xE1;lisis de metadatos. Las bases de datos empleadas han sido: ISI Web of Knowledge, CINAHL, EMBASE, LILACS y CUIDEN PLUS. Se han seleccionado 29 estudios. Resultados: las categor&#xED;as centrales emergentes de los datos han sido: las cualidades personales demandadas al personal cuidador, las intervenciones cuidadoras, la relaci&#xF3;n personal con los cuidadores y la influencia de la relaci&#xF3;n persona mayor-cuidador en otros aspectos. Conclusi&#xF3;n: con este trabajo hemos pretendido sintetizar las evidencias proporcionadas por una serie de investigaciones primarias tratando de proporcionar un nivel de conocimientos mayor sobre las necesidades de atenci&#xF3;n de las personas residentes en un hogar para ancianos, siempre a partir de los testimonios, las experiencias y las vivencias de los protagonistas.</subfield>
  </datafield>
  <datafield tag="650" ind1=" " ind2="7">
    <subfield code="a">Asilos de ancianos</subfield>
    <subfield code="2">lemb</subfield>
    <subfield code="9">4847</subfield>
  </datafield>
  <datafield tag="650" ind1=" " ind2=" ">
    <subfield code="a">Asistencia a los ancianos</subfield>
    <subfield code="9">115865</subfield>
  </datafield>
  <datafield tag="650" ind1=" " ind2="7">
    <subfield code="a">Servicios de salud para ancianos</subfield>
    <subfield code="2">dcs</subfield>
    <subfield code="9">23577</subfield>
  </datafield>
  <datafield tag="650" ind1=" " ind2=" ">
    <subfield code="a">An&#xE1;lisis cualitativo</subfield>
    <subfield code="9">30113</subfield>
  </datafield>
  <datafield tag="650" ind1=" " ind2="7">
    <subfield code="a">Atenci&#xF3;n de enfermer&#xED;a</subfield>
    <subfield code="2">dcs</subfield>
    <subfield code="9">13254</subfield>
  </datafield>
  <datafield tag="700" ind1="1" ind2="0">
    <subfield code="a">Linares Abad, Manuel</subfield>
    <subfield code="4">aut</subfield>
    <subfield code="e">aut</subfield>
    <subfield code="9">632634</subfield>
  </datafield>
  <datafield tag="700" ind1="1" ind2="0">
    <subfield code="a">Grande Gasc&#xF3;n, Maria Luisa</subfield>
    <subfield code="4">aut</subfield>
    <subfield code="e">aut</subfield>
    <subfield code="9">340689</subfield>
  </datafield>
  <datafield tag="700" ind1="1" ind2="0">
    <subfield code="a">Jim&#xE9;nez D&#xED;az, Mar&#xED;a del Carmen</subfield>
    <subfield code="4">aut</subfield>
    <subfield code="e">aut</subfield>
    <subfield code="9">644841</subfield>
  </datafield>
  <datafield tag="700" ind1="1" ind2="0">
    <subfield code="a">Hidalgo Pedraza, Luisa</subfield>
    <subfield code="4">aut</subfield>
    <subfield code="e">aut</subfield>
    <subfield code="9">644842</subfield>
  </datafield>
  <datafield tag="773" ind1="0" ind2=" ">
    <subfield code="t">Aquichan (Bogot&#xE1;)</subfield>
    <subfield code="g">Volumen 12, N&#xFA;mero 03, Diciembre 2012, p. 213-227</subfield>
    <subfield code="w">751063</subfield>
    <subfield code="x">1657-5997</subfield>
    <subfield code="0">242481</subfield>
  </datafield>
  <datafield tag="942" ind1=" " ind2=" ">
    <subfield code="c">ARIMP</subfield>
  </datafield>
  <datafield tag="999" ind1=" " ind2=" ">
    <subfield code="c">639493</subfield>
    <subfield code="d">639493</subfield>
  </datafield>
</record>
